Woolway (VO) v Mazars (Record no. 84724)
[ view plain ]
| 000 -LEADER | |
|---|---|
| fixed length control field | 00963cab a22001935a 4500 |
| 001 - CONTROL NUMBER | |
| control field | L158888 |
| 008 - FIXED-LENGTH DATA ELEMENTS--GENERAL INFORMATION | |
| fixed length control field | 150904e2015 xxk 000 0 eng d |
| 035 ## - SYSTEM CONTROL NUMBER | |
| System control number | (Sirsi) u158888 |
| 041 0# - LANGUAGE CODE | |
| Language code of text/sound track or separate title | eng |
| 245 00 - TITLE STATEMENT | |
| Title | Woolway (VO) v Mazars |
| Medium | [electronic resource] |
| 260 ## - PUBLICATION, DISTRIBUTION, ETC. | |
| Date of publication, distribution, etc. | 2015 |
| 520 ## - SUMMARY, ETC. | |
| Summary, etc. | [2015] UKSC 53, 29 July 2015. Question at issue is how different storeys under common occupation in the same block are to be entered into the rating list. "Held" that in a multi-storey building, separate floors with the same occupier linked by shared common parts must be entered in the rating list as separate hereditaments. Geographical and functional tests considered. "Appeal" dismissed. |
| 590 ## - LOCAL NOTE (RLIN) | |
| Local note | KA |
| 650 24 - SUBJECT ADDED ENTRY--TOPICAL TERM | |
| Topical term or geographic name entry element | WOOLWAY (V0) V MAZARS |
| 650 24 - SUBJECT ADDED ENTRY--TOPICAL TERM | |
| Topical term or geographic name entry element | GILBERT (VO) V S HICKINBOTTOM & SONS LTD |
| 690 ## - LOCAL SUBJECT ADDED ENTRY--TOPICAL TERM (OCLC, RLIN) | |
| Topical term or geographic name as entry element | Finance & Taxation |
| 9 (RLIN) | 6241 |
| 856 40 - ELECTRONIC LOCATION AND ACCESS | |
| Uniform Resource Identifier | <a href="https://www.bailii.org/uk/cases/UKSC/2015/53.html">https://www.bailii.org/uk/cases/UKSC/2015/53.html</a> |
| Public note | View the law report free of charge at www.bailii.org |
| 942 ## - ADDED ENTRY ELEMENTS (KOHA) | |
| Suppress in OPAC | 0 |
| Withdrawn status | Lost status | Source of classification or shelving scheme | Damaged status | Not for loan | Home library | Current library | Shelving location | Date acquired | Total Checkouts | Full call number | Barcode | Date last seen | Copy number | Price effective from | Koha item type |
|---|---|---|---|---|---|---|---|---|---|---|---|---|---|---|---|
| Dewey Decimal Classification | Virtual | Virtual | Online | 04/09/2015 | ONLINE PUBLICATION | 158888-2001 | 06/08/2019 | 1 | 06/08/2019 | Law report |